Options, futures and other derivatives (Record no. 81619)

MARC details
000 -LEADER
fixed length control field 02086nam a2200277 a 4500
008 - FIXED-LENGTH DATA ELEMENTS--GENERAL INFORMATION
fixed length control field 180921c20099999||||||||||||||||| || u
010 ## -
-- 2008010842
020 ## - INTERNATIONAL STANDARD BOOK NUMBER
International Standard Book Number 9780136015864
022 ## -
-- 9780136015864
050 ## - LIBRARY OF CONGRESS CALL NUMBER
Classification number HG 6024.A3 Hull
100 ## - MAIN ENTRY--PERSONAL NAME
Personal name Hull, John C
245 10 - TITLE STATEMENT
Title Options, futures and other derivatives
Statement of responsibility, etc John C. Hull
Medium [cd-rom]
250 ## - EDITION STATEMENT
Edition statement 7th ed.
260 ## - PUBLICATION, DISTRIBUTION, ETC. (IMPRINT)
Place of publication, distribution, etc New Jersey
Name of publisher, distributor, etc Prentice-Hall
Date of publication, distribution, etc 2009
260 ## - PUBLICATION, DISTRIBUTION, ETC. (IMPRINT)
Place of publication, distribution, etc New Jersey
Name of publisher, distributor, etc Pearson Education, Inc
Date of publication, distribution, etc 2009
300 ## - PHYSICAL DESCRIPTION
Extent 4 3/4 in.
500 ## - GENERAL NOTE
General note Accompanied by a textbook 
505 ## -
-- Introduction -- Mechanics of futures markets -- Hedging strategies using futures -- Interest rates -- Determination of forward and futures prices -- Interest rate futures -- Swaps -- Mechanics of options markets -- Properties of stock options -- Trading strategies involving options -- Binomial trees -- Wiener processes and Ito's Lemma -- The Black-Scholes-Merton model -- Employee stock options -- Options on stock indices and currencies -- Options on futures -- Greek letters -- Volatility smiles -- Basic numerical procedures -- Value at risk -- Estimating volatilities and correlations for risk management -- Credit risk -- Credit derivatives -- Exotic options -- Insurance, weather, and energy derivatives -- More on models and numerical procedures -- Martingales and measures -- Interest rate derivatives : the standard market models -- Convexity, timing and quanto adjustments -- Interest rate derivatives : models of the short rate -- Interest rate derivatives : HJM and LMM -- Swaps revisited -- Real options -- Derivatives mishaps and what we can learn from them.
650 #0 - SUBJECT ADDED ENTRY--TOPICAL TERM
Topical term or geographic name as entry element STOCK OPTIONS
650 #0 - SUBJECT ADDED ENTRY--TOPICAL TERM
Topical term or geographic name as entry element DERIVATIVE SECURITIES
650 #0 - SUBJECT ADDED ENTRY--TOPICAL TERM
Topical term or geographic name as entry element FUTURES
856 ## - ELECTRONIC LOCATION AND ACCESS
Uniform Resource Identifier <a href="http://www.loc.gov/catdir/toc/ecip0814/2008010842.html">http://www.loc.gov/catdir/toc/ecip0814/2008010842.html</a>
995 ## - RECOMMENDATION 995 [LOCAL, UNIMARC FRANCE]
-- CBU-MAIN LIBRARY (Kitwe)
-- 2
-- AVAILABLE
-- Sep 24, 2018
-- e-Media Collection
995 ## - RECOMMENDATION 995 [LOCAL, UNIMARC FRANCE]
-- CBU-MAIN LIBRARY (Kitwe)
-- 1
-- AVAILABLE
-- Sep 21, 2018
-- e-Media Collection
Holdings
Withdrawn status Lost status Source of classification or shelving scheme Damaged status Not for loan Permanent Location Current Location Shelving location Date acquired Total Checkouts Full call number Barcode Date last seen Copy number Price effective from Koha item type
          CBU-MAIN LIBRARY, KITWE. CBU-MAIN LIBRARY, KITWE.   09/05/2023   HG 6024.A3 Hull 20150227 09/05/2023 1 09/05/2023 DVD/CD-ROM
          CBU-MAIN LIBRARY, KITWE. CBU-MAIN LIBRARY, KITWE.   09/05/2023   HG 6024.A3 Hull 20150222 09/05/2023 2 09/05/2023 DVD/CD-ROM